00596 2200205 4500001002100000005001500021035002000036245004000056100001000096250002000106300003600126856001800162260008500180082001600265084002200281020002200303600002600325650002200351990001700373INLIS00000000000007220250710120956 a0010-07250000721 aAgar-Agar Pangeran Mallomo /cSabir0 aSabir aCetakan Pertama a36 hlm :bilus. ;c21 x 29,7 cm aTBM AS SUHADA aJakarta Timur :bKementerian Pendidikan, Kebudayaan, Riset, dan Teknologi,c2023 a398.209 598 a398.209 598 SAB a a978-623-118-806-9 4aCerita anak-Indonesia 4aKesusastraan Anak aTBM202500054